| 000 | 01278ngm a22003610a 4500 | ||
|---|---|---|---|
| 001 | PT47764 | ||
| 003 | AR-LpoUNG | ||
| 005 | 20210202000028.0 | ||
| 007 | vd cvaizq | ||
| 008 | 191001s2006||||ag |||||||||||||||||spa d | ||
| 037 | _c$2,50 | ||
| 040 |
_aAR-LpoUNG _bspa _cAR-LpoUNG _eaacr |
||
| 041 | _aspa | ||
| 044 | _aag | ||
| 082 | 0 | _a304.82 231fui | |
| 100 | 1 |
_aSantiso, Gonzalo _edir. |
|
| 245 | 1 | 0 | _aNos fuimos |
| 260 |
_aBuenos Aires : _bChisperos del Sur, _c2006. |
||
| 300 | _aDVD (67 min.) : son., col. | ||
| 505 | 0 | _aProducción: Gonzalo Santiso. Música: Fernando Kabusacki | |
| 520 | _aNos fuimos relata la experiencia de varios argentinos que emigran a Montreal, Canadá, en busca de una oportunidad para el desarrollo personal que en Argentina no encuentran.Lejos de sus afectos luchan por adaptarse a una nueva cultura, sin perder las costumbres del país de origen.Las ganas de volver y el nacimiento de los hijos hacen más controvertida la circunstancia del desarraigo. | ||
| 650 | 4 | _aARGENTINA | |
| 650 | 4 | _aCANADA | |
| 650 | 4 | _aCULTURA | |
| 650 | 4 | _aINMIGRANTES | |
| 650 | 4 | _aMIGRACION INTERNACIONAL | |
| 653 | _aCINE ARGENTINO | ||
| 653 | _aDOCUMENTALES | ||
| 653 | _aDVD | ||
| 653 | _aVIDEOS | ||
| 905 | _a47764 | ||
| 942 | _cDVD | ||
| 999 |
_c53979 _d53979 |
||